000 00282 a2200121 4500
001 146526
040 _cEscola São Tomás de Aquino
100 _aANDRÉ, Pierre
240 1 0 _aLer é brincar
_lpor
245 1 0 _aLer é brincar
697 _a*LITERATURA INFANTO JUVENIL
942 _cBK
999 _c146526
_d146526